Normal view
MARC view
- CASTELLANOS, ROSARIO,
Entry Nombre Personal
001 - NUMERO DE CONTROL
- campo de control: 6100
003 - IDENTIFICADOR DE NUMERO DE CONTROL
- campo de control: UPN
005 - FECHA Y HORA DE LA ÜLTIMA TRANSACCIÓN
- campo de control: 20210219193658.0
008 - DATOS DE LONGITUD FIJA
- campo de control de longitud fija: nabaccnnaabn|||||||||| b |nc|||||d
035 ## - NUMERO DE CONTROL
- Número de control: UPN10000006101
040 ## - FUENTE DE CATALOGACIÓN
- Lenguaje de catalogación: SPA
- Agencia de transcripción: UPN
053 #4 - NÚMERO DE CLASIFICACIÓN LC
- Número de clasificación elemento-número único o número inicial de tramo: PQ7297 C4.6
100 1# - ENCABEZAMIENTO - NOMBRE PERSONAL
- Nombre personal: CASTELLANOS, ROSARIO,
- Fechas asociadas con el nombre: 1925-1974 -
- Subdivisión temática general : PSICOLOGIA
670 ## - FUENTE EN LA QUE SE LOCALIZARON DATOS
- Cita de la fuente: LC
- Información localizada: Castellanos, Rosario, 1925-1974 - Psichology
902 ## - CATALOGADOR
- Catalogador: MCM/250405
